Questions aléatoires de la saga d'Harry Potter - Statistiques

Statistiques générales
  • Ce quiz a été pris 116 fois
  • Le résultat moyen est 5 sur 9
Statistiques - réponses
Question Réponse % Correct
Qui a acheté Hedwig à Harry Potter? Hagrid
99%
Qui a tué Nagini, le serpent de Voldemort? Neville
90%
Quel sortilège impardonnable tue quelqu'un instantanément? Avada kedavra
77%
Quel était le Patronus de Severus Rogue? Biche
77%
De quelle race était Remus Lupin? Loup Garou
64%
Qui a gagné le bâton de la mort en dernier? Harry
51%
Qui a tué Gellert Grindewald? Voldemort
45%
Avec quoi le journal de Jedusor (Horcrux) a-t-il été détruit? Un crochet de Basilic
26%
Quel était le Patronus d'Albus Dumbledore? Phoénix
17%
Aucun quiz correspondant
Distribution des résultats
% des personnes avec chaque résultat
Percentile par nombre de réponses
Votre historique - résultats
Vous n’avez pas pris ce quiz